000 00718nam a2200265Ia 4500
003 OSt
005 20221007111830.0
006 a|||||r|||| 00| 0
007 ta
008 221006b |||||||| |||| 00| 0 eng d
020 _a8170947200
024 _a24,388
037 _cTextual
040 _aLCO
_cLCO
_beng
041 _2eng
_aeng
082 _aV2k, P9
100 _aKashyap Subhash C.
245 0 _aConcise Encyclopedia of Indian Constitution
260 _aNew
_bDelhi Vision Books Pvt. Ltd. India
_c2009
300 _a440
650 _aCONSTITUTION
700 _a Kashyap Shaunak
_9708558
942 _hV2k, P9
_cTEXL
999 _c1193951
_d1193951